Szczegóły MARC21

Portfolios of the poor : how the world's poor live on $2 a day /

005 -DATA I CZAS OSTATNIEJ MODYFIKACJI [,]
    • @
    • pole kontrolne
    • 20140221110314.0
020 -Międzynarod. znormalizowany nr książki - ISBN [ , ]
    • a
    • Numer ISBN
    • 9780691148199 Find
040 -Instytucja sporządzająca opis [ , ]
    • a
    • Instytucja, która sporządziła opis (NP)
    • SZCZ U/JG
    • c
    • Instytucja, która sporządziła rekord (NP)
    • SZCZ U/JG
    • d
    • Instytucja, która zmodyfikowała rekord (P)
    • SZCZ U/ML
041 -Język dokumentu [0, ]
    • a
    • Język tekstu (P)
    • angielski
044 -Kraj miejsca wydania [ , ]
    • a
    • Kraj miejsca wydania
    • USA
942 -Rodzaj dokumentu [ , ]
    • c
    • Rodzaj dokumentu
    • Książka
245 -Strefa tytułu i oznaczenia odpowiedzialności [0,0]
    • a
    • Tytuł
    • Portfolios of the poor : Find
    • b
    • Ciąg dalszy tytułu (NP)
    • how the world's poor live on $2 a day / Find
    • c
    • Pozostałe elementy strefy tytułu i oznaczenia odpowiedzialności (NP)
    • Daryl Collins [et al.].
246 -Wariant tytułu [3,0]
    • a
    • Tytuł (NP)
    • Portfolios of the poor :
    • b
    • Ciąg dalszy tytułu (NP)
    • how the world's poor live on two dollars a day.
250 -Strefa wydania [ , ]
    • a
    • Oznaczenie wydania (NP)
    • 8th print.
260 -Strefa adresu wydawniczego [ , ]
    • a
    • Miejsce wydania (P)
    • Princeton ;
    • a
    • Miejsce wydania (P)
    • Oxford :
    • b
    • Nazwa wydawcy (P)
    • Princeton University Press,
    • c
    • Data wydania (P)
    • 2011.
300 -Strefa opisu fizycznego [ , ]
    • a
    • Określenie formy książki i/lub objętość (NP)
    • 283 s. ;
    • c
    • Format (NP)
    • 24 cm.
504 -Uwaga dot. bibliogr. załącznikowej [ , ]
    • a
    • Uwaga dot. bibliografii załącznikowej
    • Bibliogr. s. 265-272. Indeks.
080 -Uniwersalna Klasyfikacja Dziesiętna [ , ]
    • 2
    • Identyfikator wydania tablic
    • UDC-P058
    • 9
    • UKD
    • 26655
    • a
    • Symbol klasyfikacji
    • 316.344-058.34
    • b
    • Dopowiedzenie
    • Osoby o niskich dochodach. Ubodzy.
    • 4
    • UKD2
    • 7644
    • x
    • Poddział wspólny
    • =111
    • c
    • Dopowiedzenie poddz. wspólnego
    • =Język angielski.
080 -Uniwersalna Klasyfikacja Dziesiętna [ , ]
    • 2
    • Identyfikator wydania tablic
    • UDC-P058
    • 9
    • UKD
    • 2985
    • a
    • Symbol klasyfikacji
    • 330.567.2
    • b
    • Dopowiedzenie
    • Wydatki. Konsumpcja. Spożycie. Oszczędności. Ekonomika gospodarstwa domowego.
    • 4
    • UKD2
    • 7644
    • x
    • Poddział wspólny
    • =111
    • c
    • Dopowiedzenie poddz. wspólnego
    • =Język angielski.
080 -Uniwersalna Klasyfikacja Dziesiętna [ , ]
    • 2
    • Identyfikator wydania tablic
    • UDC-P058
    • 9
    • UKD
    • 2715
    • a
    • Symbol klasyfikacji
    • 308(047)
    • b
    • Dopowiedzenie
    • Reportaże dotyczące różnych zagadnień społecznych.
    • 4
    • UKD2
    • 7644
    • x
    • Poddział wspólny
    • =111
    • c
    • Dopowiedzenie poddz. wspólnego
    • =Język angielski.
    • 4
    • UKD2
    • 53108
    • x
    • Poddział wspólny
    • -058.34
    • c
    • Dopowiedzenie poddz. wspólnego
    • -Osoby o niskich dochodach. Ubodzy.
980 -Symbol UKD [ , ]
    • a
    • UKD
    • 316.344-058.34:330.567.2:308(047)-058.34]=111
700 -Hasło dodatkowe - nazwa osobowa [1, ]
    • 9
    • KHW
    • 68134
    • a
    • Nazwa osobowa (NP)
    • Collins, Daryl. Find
710 -Hasło dodatkowe - nazwa ciała zbiorowego [2, ]
    • 4
    • Kod relacji
    • pbl
    • 9
    • KHW
    • 65841
    • a
    • Nazwa ciała zbiorowego lub nazwa geograficzna jako pierwszy element (NP)
    • Princeton University Press.
920 -ISBN [ , ]
    • a
    • ISBN
    • 978-0-691-14819-9 Find
Numer inwentarzowy Status udost. Data inwentaryzacji Lokalizacja
T.14441-22014-02-04T